On computing : (Record no. 1821)

MARC details
000 -LEADER
fixed length control field 01226cam a2200337 a 4500
001 - CONTROL NUMBER
control field data
005 - DATE AND TIME OF LATEST TRANSACTION
control field 20260322212119.0
008 - FIXED-LENGTH DATA ELEMENTS--GENERAL INFORMATION
fixed length control field data
035 ## - SYSTEM CONTROL NUMBER
System control number 17285091
010 ## - LIBRARY OF CONGRESS CONTROL NUMBER
LC control number 2012013852
020 ## - INTERNATIONAL STANDARD BOOK NUMBER
International Standard Book Number 9780262018326
Qualifying information hardcover : alk. paper
040 ## - CATALOGING SOURCE
Original cataloging agency DLC
Transcribing agency DLC
Modifying agency DLC
042 ## - AUTHENTICATION CODE
Authentication code pcc
050 00 - LIBRARY OF CONGRESS CALL NUMBER
Classification number QA76
Item number .R657 2013
082 00 - DEWEY DECIMAL CLASSIFICATION NUMBER
Classification number 004
Edition information 23
100 1# - MAIN ENTRY--PERSONAL NAME
Personal name Rosenbloom, Paul S.
245 10 - TITLE STATEMENT
Title On computing :
Remainder of title the fourth great scientific domain /
Statement of responsibility, etc. Paul S. Rosenbloom.
260 ## - PUBLICATION, DISTRIBUTION, ETC.
Place of publication, distribution, etc. Cambridge, Mass. :
Name of publisher, distributor, etc. MIT Press,
Date of publication, distribution, etc. c2013.
300 ## - PHYSICAL DESCRIPTION
Extent xxiv, 307p. :
Other physical details ill. ;
Dimensions 24 cm.
336 ## - CONTENT TYPE
Content type term text
Content type code txt
Source rdacontent
337 ## - MEDIA TYPE
Media type term unmediated
Media type code n
Source rdamedia
338 ## - CARRIER TYPE
Carrier type term volume
Carrier type code nc
Source rdacarrier
504 ## - BIBLIOGRAPHY, ETC. NOTE
Bibliography, etc. note Includes bibliographical references (p. [255]-287) and index.
650 #0 - SUBJECT ADDED ENTRY--TOPICAL TERM
Topical term or geographic name entry element Computer science.
650 #0 - SUBJECT ADDED ENTRY--TOPICAL TERM
Topical term or geographic name entry element Computer science
General subdivision Research.
650 #0 - SUBJECT ADDED ENTRY--TOPICAL TERM
Topical term or geographic name entry element Computer science
General subdivision Philosophy.
906 ## - LOCAL DATA ELEMENT F, LDF (RLIN)
a 7
b cbc
c orignew
d 1
e ecip
f 20
g y-gencatlg
925 0# -
-- acquire
-- 2 shelf copies
-- policy default
955 ## - COPY-LEVEL INFORMATION (RLIN)
-- rd14 2012-05-03
-- rg07 2012-12-04 to CALM
-- xj87 2013-02-21 copy 2 added
Holdings
Withdrawn status Lost status Damaged status Not for loan Home library Current library Shelving location Date acquired Total checkouts Full call number Barcode Date last seen Price effective from Koha item type
        Franklin Franklin General stacks 22/03/2026   004 LOC-FRL-00057 22/03/2026 22/03/2026 Books